| 000 | 01656nam0a22003731 4500 | ||
|---|---|---|---|
| 001 | rc\2811644 | ||
| 005 | 20250806210652.0 | ||
| 035 | _a(NLR Aleph) 006937482 | ||
| 090 |
_a15022 _c15022 |
||
| 100 | _a20110915d1944 u y0rusy50 ca | ||
| 101 | 0 | _arus | |
| 102 | _aRU | ||
| 105 | _ay z |||a| | ||
| 135 | _acrbn 008apadp | ||
| 200 | 1 |
_aРазговор на чистоту про здоровье и чистоту _e[Рассказы] _e[Для сред. возраста] |
|
| 210 |
_a[Ленинград] _cЛениздат _d1944 _g10-я тип. Упр. изд-в и полиграфии Ленгорисполкома |
||
| 215 |
_a31 с. _d14 см. |
||
| 225 | 1 |
_aБиблиотечка школьника _f[Ленингр. дом сан. просвещения] |
|
| 325 | _aКопия доступна в Электрон. б-ке РНБ | ||
| 700 | 1 |
_aДинин _bС.М. _gСергей Михайлович |
|
| 701 | 1 |
_aНимен _bЛ.Б. _gЛипа Борисович |
|
| 801 | 0 |
_aRU _bNLR _gpsbo |
|
| 801 | 1 |
_aRU _bELAR _2rusmarc |
|
| 852 |
_aNLR _jДл02 Г-7/159 |
||
| 856 | 0 | _uhttp://vivaldi.nlr.ru/ab000002157/view | |
| 856 | 1 | _uhttp://vivaldi.nlr.ru/ab000002157/cover | |
| 856 | 2 | _uhttp://vivaldi.nlr.ru/ab000002157/text | |
| 901 | _eКнижные издания | ||
| 942 | _cBOOK | ||
| 945 | _aРоссийская национальная библиотека | ||
| 980 | _aNB | ||
| 980 | _aBV | ||
| 981 | 3 | 7 |
_a(37) Ленинград в Великой Отечественной войне _b(37) Книги блокадного Ленинграда |
| 981 | 3 | 4 | _a(34) Санкт-Петербург |